| 000 | 00402nam a22001697a 4500 | ||
|---|---|---|---|
| 003 | MPLRDC | ||
| 005 | 20220104175021.0 | ||
| 008 | 210129b ||||| |||| 00| 0 eng d | ||
| 082 | _a524.945 PSP 1986 | ||
| 100 | _a不详 | ||
| 245 |
_aGEOGRAFI AMERIKA UTARA SPM _c |
||
| 250 | _a第一版 | ||
| 260 |
_a _bPUSTAKA SISTEM PELAJ _c1986 |
||
| 300 | _b平 | ||
| 650 | _a | ||
| 942 |
_cBK _o524.945 PSP 1986 |
||
| 999 |
_c60150 _d60140 |
||